00843nam a2200205Ia 4500003000900000008004100009020001800050040001600068080002600084111009700110245023700207260003800444300001000482650001300492650004100505650002400546650001900570700002900589700001900618IN-BaIIA211028s9999 xx 000 0 eng d a5-02-024566-6 cIIA Library a524.338.3(082.2)bMAG aInternational Meeting on the problem physics and evolution of starscRussiad1987 Oct. 12-17 0aMagnetic starsbproceedings of International meeting on the problem physics and evolution of stars held in Nizny Arkhyz, Russia, 12-17 Oct 1987cedited by Yu. V. Glagolevsky and I. M. Kopylov  aLeningradbNauka Publishingc1988 a327p. aAP stars aAstronomy and astrophysics thesaurus aMagnetic properties aMagnetic stars aGlagolevsky, Yu. V., ed. aKopylov, I. M.